000 00431cam a22001217a 4500
008 180718b2007 xxu||||| |||| 00| 0 eng d
082 _aAPPPA 2007-08
100 _aVed Prakash
245 _aRestructuring of production units on Indian railways
_cby Ved Prakash
260 _aNew Delhi
_bIndian Institute of Public Administration
_c2007
300 _a80p.
500 _aAn APPPA M.Phil dissertation, 2006-07 (Guide: Prof. R.K. Sachdeva)
999 _c493490
_d493490